Questionário presidencial - Prudente de Morais - Statistics

Estatísticas Gerais
  • Esse quiz foi jogado 24 vezes
  • A pontuação média é 10 de 20
Estatísticas das Respostas
Dica Resposta % Correto
Ano de início do mandato 1894
75%
Estado em que se localiza o acima São Paulo
75%
Ano de término do mandato 1898
67%
Antiga profissão Advogado
67%
Batalha que ocorreu na Bahia Guerra de {Canudos}
67%
Cidade onde nasceu Itu
67%
Governou no período conhecido como... República {Velha}
67%
Número de filhos 9
58%
Cargo que exerceu em São Paulo Deputado Geral
58%
Cargo que exerceu em São Paulo Senador
58%
Ano de nascimento 1841
50%
Ano de falecimento 1902
50%
Cargo que exerceu em São Paulo Governador
50%
Em seu governo, a sede do governo se transferiu para o... Palácio do {Catete}
50%
Vice-presidente de Prudente de Morais Manuel Vitorino
42%
Nome completo Prudente José de Moraes Barros
42%
Partido em que estava filiado durante o mandato Partido Republicano Federal
25%
Ilha que tomaram posse em julho de 1895 Ilha de {Trindade}
8%
Assinou o Tratado da Amizade, Comércio e Navegação com o... Japão
8%
Autor do atentado contra o presidente Marcellino Bispo de Mello
0%
Nenhum quiz correspondente encontrado
Distribuição das Pontuações
Porcentagem de Pessoas com Cada Pontuação
Percentil de Números Respondidos
Sua Pontuação Histórica
Você não jogou esse quiz